00593nam a22001937a 4500020001800000082002100018100002300039245004400062260003600106300001000142650003200152650001800184650002300202650001500225700002200240942000700262999001900269952011100288 a9789354899959 a823(ITr.)bAKH/R aAkhil P. Dharmajan aRam c/o anandhi/cby Akhil P. Dharmajan aHaryana:bHarperCollins,c2025. a303p. aTranslation Malayalam Novel aNovel English aLiterature English aLiterature aHaritha C. K(tr.) cBK c181310d181310 00104070aSSUSbSSUScSTACKSd2026-04-24g399.00l0o823(ITr.) AKH/Rp107926r2026-04-24w2026-04-24yBK